State of arrears (Record no. 74996)

MARC details
000 -LEADER
fixed length control field 01321cab a2200229 4500
001 - CONTROL NUMBER
control field ABS68846
008 - FIXED-LENGTH DATA ELEMENTS--GENERAL INFORMATION
fixed length control field 050331n2005 000 0 eng u
035 ## - SYSTEM CONTROL NUMBER
System control number (Sirsi) u129201
100 ## - MAIN ENTRY--PERSONAL NAME
Personal name Henderson, J.
245 ## - TITLE STATEMENT
Title State of arrears
260 ## - PUBLICATION, DISTRIBUTION, ETC.
Date of publication, distribution, etc. 2005
490 ## - SERIES STATEMENT
Series statement Solicitors' Journal
Volume/sequential designation 149 (9) 4 March 2005, 252-253(2)
520 ## - SUMMARY, ETC.
Summary, etc. Discusses the issues of rent arrears and mandatory grounds for possession in the light of "North British Housing Association Ltd v Matthews and related appeals; London and Quadrant Housing Ltd v Morgan" ([2004] EWCA Civ 1736, Abs68751), which concerned the plight of tenants reliant on housing benefits to discharge their rent. Examines the background to the case, the decision, the conflict of powers to adjourn rent arrears possession claims, the conditions needed to grant an adjournment, when an adjournment is not permitted, exceptional circumstances and the agreement of an understanding landlord. Assesses the effect of this decision and whether a restriction of human rights was engaged.
590 ## - LOCAL NOTE (RLIN)
Local note ABS
650 ## - SUBJECT ADDED ENTRY--TOPICAL TERM
Topical term or geographic name entry element RENT ARREARS
650 ## - SUBJECT ADDED ENTRY--TOPICAL TERM
Topical term or geographic name entry element NORTH BRITISH HOUSING ASSOCIATION LTD V MATTHEWS
650 ## - SUBJECT ADDED ENTRY--TOPICAL TERM
Topical term or geographic name entry element HOUSING BENEFITS
650 ## - SUBJECT ADDED ENTRY--TOPICAL TERM
Topical term or geographic name entry element LOCAL AUTHORITIES
690 ## - LOCAL SUBJECT ADDED ENTRY--TOPICAL TERM (OCLC, RLIN)
Topical term or geographic name as entry element LANDLORD AND TENANT-RESIDENTIAL TENANCIES-CASE LAW
700 ## - ADDED ENTRY--PERSONAL NAME
Personal name Garrood, J.
942 ## - ADDED ENTRY ELEMENTS (KOHA)
Suppress in OPAC 0
Holdings
Withdrawn status Lost status Source of classification or shelving scheme Damaged status Not for loan Home library Current library Shelving location Date acquired Total Checkouts Full call number Barcode Date last seen Copy number Price effective from Koha item type
    Dewey Decimal Classification     London London Journal article 31/03/2005   ABS68846 129201-1001 06/08/2019 1 06/08/2019 Journal article